000 00459nam a2200169Ia 4500
003 OSt
005 20260316142249.0
008 211028s2015 xx 000 0 und d
040 _cAIMIT LIBRARY
041 _aeng
100 _aM, Rashmi;Kumar, Rakesh.
_g121765
_94560
110 _aRakesh Kumar
_94561
245 _aCenter for health and development /
260 _aMangalore
_c2015
710 _aPrime Focus Technologies Pvt Ltd
_94562
942 _2ddc
_cPRO
999 _c217611
_d217611